Miscelánea Médico quirúrgica
Guardat en:
| Autor principal: | |
|---|---|
| Format: | Llibre |
| Idioma: | espanyol |
| Publicat: |
Santiago
Imprenta Nacional, calle de la Moneda, Núm. 46
1876
|
| Edició: | 1a. ed |
| Matèries: | |
| Etiquetes: |
Afegir etiqueta
Sense etiquetes, Sigues el primer a etiquetar aquest registre!
|
MARC
| LEADER | 00000nam a2200000 a 4500 | ||
|---|---|---|---|
| 001 | UCJ6933 | ||
| 003 | CL-VaPUC | ||
| 008 | 070124e18760000CL |||||||||||||||||spa|d | ||
| 082 | 0 | 4 | |a 610 |b MUR |2 21 |
| 100 | |a Murillo, Adolfo |e autor |q Murillo, Adolphe |9 514582 | ||
| 245 | 1 | 0 | |a Miscelánea Médico quirúrgica |
| 250 | |a 1a. ed | ||
| 300 | |a 365 p | ||
| 942 | |c BK | ||
| 945 | |d 20070124 00:00:00 |a rinostro | ||
| 260 | |a Santiago |b Imprenta Nacional, calle de la Moneda, Núm. 46 |c 1876 | ||
| 650 | 0 | |a Medicina |9 258507 | |
| 650 | 7 | |a NECROLOGIA |2 CL-VaPUC |9 504408 | |
| 650 | 7 | |a MORTALIDAD |2 CL-VaPUC |9 341601 | |
| 650 | 0 | |a Enfermedades venéreas |9 338972 | |
| 650 | 7 | |a GINECOLOGIA |2 CL-VaPUC |9 370900 | |
| 650 | 0 | |a Cáncer |9 315942 | |
| 650 | 7 | |a OBSTETRICIA |2 CL-VaPUC |9 310890 | |
| 650 | 7 | |a ESTADISTICAS MEDICAS |2 CL-VaPUC |9 425583 | |
| 650 | 7 | |a SANIDAD MILITAR |2 CL-VaPUC |9 506383 | |
| 583 | |a last modification |c 20070124 00:00:00 |k Rodrigo Vera | ||
| 999 | |c 323035 |d 323033 | ||
| 952 | |0 0 |1 0 |4 0 |6 610_000000000000000_MUR_1876 |7 0 |8 X |9 402267 |a FDOBUD |b FDOBUD |d 2019-11-22 |i 1055224 |o 610 MUR 1876 |p 1055224 |r 2019-11-22 |w 2019-11-22 |y BK_X |k BUD | ||